000 00295 a2200145 4500
001 65343
020 _a9788516095017
040 _cAnchieta - Pituba
240 1 0 _aPortuguês 9
_lpor
245 1 0 _aPortuguês 9
300 _a278
362 0 _a2014
650 4 _aLíngua portuguesa
942 _cBK
999 _c65343
_d65343